[Event "Groningen op-A"]
[Site "Groningen"]
[Date "2004.12.28"]
[Round "7"]
[White "Vinke, Andreas"]
[Black "Florath, Patrick"]
[Result "1/2-1/2"]
[WhiteElo "2199"]
[BlackElo "2310"]
[PlyCount "28"]
[EventDate "2004.12.21"]
[EventType "swiss"]
[EventRounds "9"]
[EventCountry "NED"]
[SourceTitle "CBM 104 Extra"]
[Source "ChessBase"]
[SourceDate "2005.03.01"]
[SourceVersion "1"]
[SourceVersionDate "2005.03.01"]
[SourceQuality "1"]

1. c4 e6 2. Nf3 d5 3. b3 Nf6 4. g3 Be7 5. Bg2 0-0 6. 0-0 Nbd7 7. Bb2 c6 8. d4 b5 9. cxb5 cxb5 10. Nbd2 Bb7 11. Rc1 Qb6 12. Qc2 Rfc8 13. Qb1 b4 14. e3 a5 1/2-1/2

[Event "Groningen op-A"]
[Site "Groningen"]
[Date "2004.12.27"]
[Round "6"]
[White "Florath, Patrick"]
[Black "Boersma, Jan"]
[Result "1-0"]
[WhiteElo "2310"]
[BlackElo "2225"]
[PlyCount "66"]
[EventDate "2004.12.21"]
[EventType "swiss"]
[EventRounds "9"]
[EventCountry "NED"]
[SourceTitle "CBM 104 Extra"]
[Source "ChessBase"]
[SourceDate "2005.03.01"]
[SourceVersion "1"]
[SourceVersionDate "2005.03.01"]
[SourceQuality "1"]

1. e4 e6 2. d4 d5 3. Nc3 Nf6 4. Bg5 Be7 5. e5 Nfd7 6. Bxe7 Qxe7 7. f4 a6 8. Nf3 c5 9. Qd2 Nc6 10. dxc5 Qxc5 11. Bd3 b5 12. Qf2 Qb4 13. Qd2 Qxb2 14. 0-0 Qa3 15. Kh1 g6 16. Rab1 Qc5 17. Ne2 Nb6 18. Qe1 h5 19. Qg3 Nc4 20. Ng5 h4 21. Qe1 Ne3 22. Rf3 Qa7 23. Nc3 Nf5 24. a4 b4 25. Na2 Rb8 26. Nxb4 Nxb4 27. Rxb4 Bd7 28. Bxf5 gxf5 29. Rfb3 Rc8 30. Rb7 Qd4 31. Nxf7 Rxc2 32. Nxh8 Qe4 33. Rb8+ Ke7 1-0

[Event "Groningen Harmonie op-A"]
[Site "Groningen"]
[Date "2003.12.30"]
[Round "9"]
[White "Florath, Patrick"]
[Black "Van der Marel, Lambertus"]
[Result "1-0"]
[WhiteElo "2304"]
[BlackElo "2186"]
[PlyCount "59"]
[EventDate "2003.12.21"]
[EventType "swiss"]
[EventRounds "9"]
[EventCountry "NED"]
[SourceTitle "CBM 097 Extra"]
[Source "ChessBase"]
[SourceDate "2004.01.13"]
[SourceVersion "1"]
[SourceVersionDate "2004.01.13"]
[SourceQuality "1"]

1. e4 e5 2. Nf3 Nc6 3. Bc4 Bc5 4. 0-0 Nf6 5. d3 d6 6. c3 a6 7. Bb3 0-0 8. Re1 Ba7 9. Nbd2 Be6 10. Bc2 Ng4 11. Re2 f5 12. Nf1 fxe4 13. dxe4 Kh8 14. Bb3 Bxb3 15. Qxb3 Qd7 16. Ng3 Ne7 17. Bg5 Ng6 18. Qxb7 Rfb8 19. Qd5 h6 20. Bc1 c6 21. Qd3 Rf8 22. h3 Nf6 23. Be3 Nf4 24. Bxf4 exf4 25. Nf5 Nxe4 26. N5h4 Ng3 27. Re7 Qd8 28. Rxa7 Rxa7 29. Ng6+ Kg8 30. Nxf8 1-0

[Event "Groningen Harmonie op-A"]
[Site "Groningen"]
[Date "2003.12.26"]
[Round "5"]
[White "Florath, Patrick"]
[Black "Xu, Yuanyuan"]
[Result "1/2-1/2"]
[WhiteElo "2304"]
[BlackElo "2381"]
[PlyCount "213"]
[EventDate "2003.12.21"]
[EventType "swiss"]
[EventRounds "9"]
[EventCountry "NED"]
[SourceTitle "CBM 097 Extra"]
[Source "ChessBase"]
[SourceDate "2004.01.13"]
[SourceVersion "1"]
[SourceVersionDate "2004.01.13"]
[SourceQuality "1"]

1. e4 c6 2. d4 d5 3. Nc3 dxe4 4. Nxe4 Bf5 5. Ng3 Bg6 6. h4 h6 7. Nf3 Nd7 8. h5 Bh7 9. Bd3 Bxd3 10. Qxd3 e6 11. Bf4 Qa5+ 12. Bd2 Qa4 13. Ne4 Ngf6 14. Nc3 Qa5 15. 0-0-0 0-0-0 16. Kb1 Qc7 17. g3 Bd6 18. Ne4 Nxe4 19. Qxe4 c5 20. c4 Nf6 21. Qe2 cxd4 22. Nxd4 a6 23. Nb3 Qc6 24. Rh4 Bc7 25. Rc1 Qg2 26. Rc3 Nd7 27. a3 Ne5 28. Nd4 Rd7 29. Be3 Rhd8 30. c5 Nc6 31. Nf3 Rd1+ 32. Kc2 Rh1 33. Rcc4 Ne5 34. Nxe5 Bxe5 35. Rxh1 Qxh1 36. Bd2 Rd5 37. a4 Rd4 38. Bc3 Rxc4 39. Qxc4 Bxc3 40. Qxc3 Qxh5 41. Qxg7 Qxc5+ 42. Kb1 Qf5+ 43. Ka1 Qxf2 44. Qxh6 Kd7 45. Qg7 Qf1+ 46. Ka2 Qc4+ 47. b3 Qc2+ 48. Ka3 Qc5+ 49. Ka2 Qc2+ 50. Ka3 Qc5+ 51. Ka2 Ke7 52. Qg4 Qc2+ 53. Ka3 Qc1+ 54. Ka2 Qd2+ 55. Ka3 a5 56. Qh4+ Kd7 57. Qf6 Qc1+ 58. Ka2 Qc2+ 59. Ka3 Qc5+ 60. Ka2 Ke8 61. Qh8+ Qf8 62. Qe5 Qb4 63. g4 Qd2+ 64. Ka3 Qd5 65. Qg7 e5 66. g5 e4 67. Qh8+ Kd7 68. Qh3+ Ke7 69. Qe3 Qe5 70. Ka2 Kf8 71. Kb1 Kg7 72. Kc2 Qd5 73. Qf4 Qd3+ 74. Kb2 Qd4+ 75. Kc2 Kg6 76. Qh4 Qc5+ 77. Kd1 Qg1+ 78. Ke2 Qg2+ 79. Ke1 Kf5 80. Qh7+ Ke6 81. Qh6+ Kd5 82. Qb6 Qg3+ 83. Ke2 Qd3+ 84. Ke1 Qc3+ 85. Ke2 Qc2+ 86. Ke1 Qc3+ 87. Ke2 Qd3+ 88. Ke1 e3 89. Qxa5+ Ke4 90. Qb4+ Kf5 91. Qc5+ Kg6 92. Qb6+ Kxg5 93. Qc5+ Kg6 94. Qb6+ Kg7 95. Qa5 f5 96. Qc7+ Kg6 97. Qg3+ Kf7 98. Qc7+ Ke6 99. Qb6+ Ke5 100. Qc5+ Ke4 101. Qe7+ Kd4 102. Qf6+ Kc5 103. Qe7+ Kc6 104. Qb4 Qc2 105. Qb5+ Kd6 106. Qb6+ Kd5 107. Qxe3 1/2-1/2

[Event "BL2-West 0001"]
[Site "Germany"]
[Date "2000.10.15"]
[Round "1.7"]
[White "Florath, Patrick"]
[Black "Konings, Leon"]
[Result "0-1"]
[WhiteElo "2344"]
[BlackElo "2255"]
[PlyCount "174"]
[EventDate "2000.10.15"]
[EventType "team-tourn"]
[EventRounds "9"]
[EventCountry "GER"]
[SourceTitle "CBM 082 Extra"]
[Source "ChessBase"]
[SourceDate "2001.07.03"]
[SourceVersion "1"]
[SourceVersionDate "2001.07.03"]
[SourceQuality "1"]
[WhiteTeam "Heiligenhaus"]
[BlackTeam "Koeln Porz II"]
[WhiteTeamCountry "GER"]
[BlackTeamCountry "GER"]

1. e4 c6 2. d4 d5 3. Nc3 dxe4 4. Nxe4 Nf6 5. Nxf6+ gxf6 6. Nf3 Bf5 7. Bd3 e6 8. 0-0 Bg6 9. Re1 Bg7 10. Bf4 0-0 11. Qd2 Nd7 12. Rad1 b5 13. Bh6 Nb6 14. c3 Qd5 15. b3 a5 16. Bxg7 Kxg7 17. Re3 a4 18. Qb2 axb3 19. axb3 Ra5 20. Nd2 Rfa8 21. c4 bxc4 22. bxc4 Na4 23. Qc1 Qd7 24. Nb3 Rh5 25. Be2 Rh4 26. g3 Re4 27. Rxe4 Bxe4 28. Qe3 Bc2 29. Rd2 Bxb3 30. Qxb3 Nc5 31. Qe3 Nb7 32. Rd1 Nd6 33. Kg2 Nf5 34. Qf4 Ra2 35. Bf3 Ra4 36. Be2 c5 37. dxc5 Qc6+ 38. Qf3 Qxc5 39. Rd8 Nh6 40. h4 Ra2 41. Ra8 Rb2 42. Ra1 Qe5 43. Bd3 f5 44. Rf1 Ng4 45. Kg1 Qd4 46. Be2 Qd2 47. Bd1 Ne5 48. Qa3 Nxc4 49. Qc5 Qd3 50. Bh5 Rd2 51. Qe7 Ne5 52. Qg5+ Ng6 53. Bxg6 hxg6 54. Qf4 Qd5 55. Re1 Rd1 56. Rxd1 Qxd1+ 57. Kh2 Qd5 58. Qe3 e5 59. Kg1 Kf6 60. Qg5+ Ke6 61. Qe3 Qd4 62. Qb3+ Kf6 63. Qb8 f4 64. gxf4 Qxf4 65. Qd8+ Kf5 66. Qc8+ Kf6 67. Qd8+ Kg7 68. Qe7 Kh6 69. Kf1 Kh5 70. Kg1 Kg4 71. Kf1 f6 72. Qf7 Qf5 73. Qc4+ e4 74. Qc7 Kxh4 75. Qg3+ Kh5 76. Qh2+ Kg5 77. Qg3+ Qg4 78. Qe3+ Qf4 79. Qc5+ Kh4 80. Qd4 Qf3 81. Ke1 Kh3 82. Qc5 Kg2 83. Qb6 g5 84. Qc5 g4 85. Qb6 f5 86. Qc5 f4 87. Qd4 e3 0-1

[Event "Oberliga NRW 9900 II"]
[Site "Germany"]
[Date "2000.05.11"]
[Round "9.5"]
[White "Florath, Patrick"]
[Black "Coenen, Norbert"]
[Result "1/2-1/2"]
[WhiteElo "2305"]
[BlackElo "2330"]
[PlyCount "142"]
[EventDate "1999.10.26"]
[EventType "team"]
[EventRounds "9"]
[EventCountry "GER"]
[SourceTitle "EXT 2001"]
[Source "ChessBase"]
[SourceDate "2000.11.22"]
[SourceVersion "1"]
[SourceVersionDate "2000.11.22"]
[SourceQuality "1"]
[WhiteTeam "Wuppertal"]
[BlackTeam "Aachen"]
[WhiteTeamCountry "GER"]
[BlackTeamCountry "GER"]

1. e4 c5 2. Nf3 e6 3. d4 cxd4 4. Nxd4 Nf6 5. Nc3 d6 6. Be2 Be7 7. 0-0 Nc6 8. Be3 Bd7 9. f4 Nxd4 10. Bxd4 Bc6 11. Qd3 0-0 12. Rad1 Qc7 13. Qg3 g6 14. Bd3 Nh5 15. Qf2 Nxf4 16. Qxf4 e5 17. Qf2 exd4 18. Qxd4 Qa5 19. Kh1 Qe5 20. Bc4 Qxd4 21. Rxd4 Rac8 22. Bb3 Kg7 23. Nd5 Bg5 24. c3 Rce8 25. Bd1 Re5 26. Bf3 Bxd5 27. Rxd5 Rxd5 28. exd5 Re8 29. g3 h5 30. Kg2 h4 31. Rd1 Bf6 32. Kf2 Be5 33. Rd2 a5 34. Re2 hxg3+ 35. hxg3 f5 36. Kg2 Kf6 37. Re1 Rh8 38. Rf1 Kg5 39. Re1 b5 40. Rc1 Rc8 41. Rc2 b4 42. c4 a4 43. Be2 Bd4 44. Rd2 Be3 45. Rd3 Bc1 46. b3 a3 47. Bf3 Kf6 48. Rd1 Bb2 49. Re1 Be5 50. Bd1 Rc7 51. Kf3 g5 52. Kg2 Rh7 53. Rf1 f4 54. g4 Bc3 55. Rf2 Bd4 56. Re2 Be3 57. Bc2 Rh4 58. Bf5 Ke5 59. Rc2 Rh8 60. Re2 Kd4 61. Rc2 Kc5 62. Re2 Rh4 63. Rc2 Bd4 64. Re2 Be5 65. Rd2 Bd4 66. Re2 Be3 67. Rc2 Rh6 68. Re2 Kd4 69. Rc2 Ke5 70. Re2 Rf6 71. Kf3 Rh6 1/2-1/2

[Event "Oberliga NRW 9900 II"]
[Site "Germany"]
[Date "2000.02.09"]
[Round "5.5"]
[White "Florath, Patrick"]
[Black "Lytchak, Alexander"]
[Result "1/2-1/2"]
[WhiteElo "2305"]
[BlackElo "2375"]
[PlyCount "38"]
[EventDate "1999.10.26"]
[EventType "team"]
[EventRounds "9"]
[EventCountry "GER"]
[SourceTitle "EXT 2001"]
[Source "ChessBase"]
[SourceDate "2000.11.22"]
[SourceVersion "1"]
[SourceVersionDate "2000.11.22"]
[SourceQuality "1"]
[WhiteTeam "Wuppertal"]
[BlackTeam "Muelheim Nord"]
[WhiteTeamCountry "GER"]
[BlackTeamCountry "GER"]

1. e4 c6 2. d4 d5 3. Nc3 dxe4 4. Nxe4 Bf5 5. Ng3 Bg6 6. Nf3 e6 7. Bd3 Nf6 8. 0-0 Nbd7 9. c4 Qc7 10. Re1 0-0-0 11. Bxg6 hxg6 12. Qa4 Nb6 13. Qc2 c5 14. dxc5 Bxc5 15. Be3 Bxe3 16. Rxe3 Nbd5 17. Ra3 a6 18. Rc1 Nf4 19. b4 Kb8 1/2-1/2

[Event "Groningen op"]
[Site "Groningen"]
[Date "1999.12.28"]
[Round "9"]
[White "Florath, Patrick"]
[Black "Jonkman, Harmen"]
[Result "1-0"]
[WhiteElo "2284"]
[BlackElo "2421"]
[PlyCount "83"]
[EventDate "1999.12.19"]
[EventType "swiss"]
[EventRounds "11"]
[EventCountry "NED"]
[SourceTitle "CBM 073 Extra"]
[Source "ChessBase"]
[SourceDate "2000.01.11"]
[SourceVersion "1"]
[SourceVersionDate "2000.01.11"]
[SourceQuality "1"]

1. e4 e5 2. Bc4 Nf6 3. d3 c6 4. Nf3 d5 5. exd5 cxd5 6. Bb3 Bb4+ 7. Bd2 Bxd2+ 8. Qxd2 Nc6 9. 0-0 0-0 10. h3 Re8 11. Nc3 h6 12. Rad1 Bf5 13. d4 e4 14. Ne5 Nxe5 15. dxe5 Rxe5 16. Nxd5 Nxd5 17. Bxd5 Qe7 18. Rfe1 Re8 19. Re3 Bc8 20. Qd4 Kh7 21. Rde1 Qc7 22. Bxe4+ Kh8 23. Bd3 Rxe3 24. Rxe3 Rd8 25. Qe4 g6 26. Qe7 Qxe7 27. Rxe7 Kg7 28. Rc7 Kf6 29. Bc4 Rf8 30. Bxf7 Rxf7 31. Rxc8 Rd7 32. g3 g5 33. Kg2 h5 34. Rc4 b6 35. Kf3 Rd5 36. Rc6+ Kf5 37. g4+ hxg4+ 38. hxg4+ Ke5 39. Ke3 Ra5 40. Rg6 Rxa2 41. Rxg5+ Kd6 42. Rb5 1-0

[Event "Groningen op"]
[Site "Groningen"]
[Date "1999.12.27"]
[Round "8"]
[White "Burnett, Ronald"]
[Black "Florath, Patrick"]
[Result "1/2-1/2"]
[WhiteElo "2423"]
[BlackElo "2284"]
[PlyCount "64"]
[EventDate "1999.12.19"]
[EventType "swiss"]
[EventRounds "11"]
[EventCountry "NED"]
[SourceTitle "CBM 073 Extra"]
[Source "ChessBase"]
[SourceDate "2000.01.11"]
[SourceVersion "1"]
[SourceVersionDate "2000.01.11"]
[SourceQuality "1"]

1. e4 e6 2. d4 d5 3. e5 c5 4. c3 Qb6 5. Nf3 Nc6 6. a3 Bd7 7. b4 cxd4 8. cxd4 Rc8 9. Be3 Nge7 10. Bd3 Nf5 11. Bxf5 exf5 12. 0-0 Be7 13. Nc3 Be6 14. h4 h6 15. Rb1 0-0 16. Ne2 Qd8 17. g3 Re8 18. Qd3 Qd7 19. Nf4 Rc7 20. Kg2 Rec8 21. Bd2 a6 22. Qe3 Bf8 23. Nh5 Ne7 24. Ne1 Ng6 25. Nd3 b6 26. Rbc1 Rc4 27. Ndf4 Nxf4+ 28. Nxf4 Qa4 29. Rxc4 Rxc4 30. Rc1 Rxc1 31. Bxc1 Qc2 32. Bd2 Be7 1/2-1/2

[Event "Groningen op"]
[Site "Groningen"]
[Date "1999.12.24"]
[Round "6"]
[White "Lemmers, Oscar"]
[Black "Florath, Patrick"]
[Result "1/2-1/2"]
[WhiteElo "2406"]
[BlackElo "2284"]
[PlyCount "65"]
[EventDate "1999.12.19"]
[EventType "swiss"]
[EventRounds "11"]
[EventCountry "NED"]
[SourceTitle "CBM 073 Extra"]
[Source "ChessBase"]
[SourceDate "2000.01.11"]
[SourceVersion "1"]
[SourceVersionDate "2000.01.11"]
[SourceQuality "1"]

1. e4 e6 2. d4 d5 3. Nd2 Nf6 4. e5 Nfd7 5. Bd3 c5 6. c3 Nc6 7. Ngf3 Qb6 8. 0-0 cxd4 9. cxd4 Nxd4 10. Nxd4 Qxd4 11. Nf3 Qb6 12. Qa4 Qb4 13. Qc2 Nc5 14. Bd2 Qa4 15. b3 Qa3 16. Nd4 Nxd3 17. Qxd3 Bd7 18. Rfc1 Qa6 19. Qxa6 bxa6 20. a4 Be7 21. Be3 Bd8 22. b4 f6 23. f4 fxe5 24. fxe5 Bb6 25. a5 Bxd4 26. Bxd4 0-0 27. Rc7 Bb5 28. Bc5 Rfc8 29. Rxc8+ Rxc8 30. Rd1 Rc7 31. Rd2 Rf7 32. Rf2 Rxf2 33. Kxf2 1/2-1/2

[Event "Groningen op"]
[Site "Groningen"]
[Date "1999.12.19"]
[Round "1"]
[White "Florath, Patrick"]
[Black "Graf, Alexander"]
[Result "0-1"]
[WhiteElo "2284"]
[BlackElo "2584"]
[PlyCount "60"]
[EventDate "1999.12.19"]
[EventType "swiss"]
[EventRounds "11"]
[EventCountry "NED"]
[SourceTitle "CBM 073 Extra"]
[Source "ChessBase"]
[SourceDate "2000.01.11"]
[SourceVersion "1"]
[SourceVersionDate "2000.01.11"]
[SourceQuality "1"]

1. e4 g6 2. d4 Bg7 3. Nc3 d6 4. Nf3 Nf6 5. h3 0-0 6. Be3 Nbd7 7. Be2 c5 8. 0-0 cxd4 9. Nxd4 a6 10. f4 Qc7 11. Bf3 e5 12. Nb3 b5 13. a3 Bb7 14. Qd2 exf4 15. Bxf4 Ne5 16. Bxe5 dxe5 17. Rad1 Rfd8 18. Qe3 Bf8 19. Kh1 Rac8 20. Rxd8 Rxd8 21. Rd1 Rxd1+ 22. Bxd1 Nd7 23. Be2 Nc5 24. Nd5 Bxd5 25. exd5 Na4 26. Qc1 e4 27. c4 Qe5 28. cxb5 Bd6 29. Qg1 Qxb2 30. Bd1 axb5 0-1

[Event "Oberliga NRW 9899 II"]
[Site "Germany"]
[Date "1998.12.03"]
[Round "3.6"]
[White "Florath, Patrick"]
[Black "Vandevoort, Pascal"]
[Result "0-1"]
[WhiteElo "2295"]
[BlackElo "2295"]
[PlyCount "130"]
[EventDate "1998.10.10"]
[EventType "team"]
[EventRounds "9"]
[EventCountry "GER"]
[SourceTitle "EXT 2000"]
[Source "ChessBase"]
[SourceDate "1999.11.16"]
[SourceVersion "1"]
[SourceVersionDate "1999.11.16"]
[SourceQuality "1"]
[WhiteTeam "Wuppertal"]
[BlackTeam "Uebach Palenberg"]
[WhiteTeamCountry "GER"]
[BlackTeamCountry "GER"]

1. e4 c5 2. Nf3 Nc6 3. d4 cxd4 4. Nxd4 e5 5. Nb5 d6 6. c4 Be7 7. N1c3 a6 8. Na3 Nf6 9. Be2 0-0 10. Nc2 Be6 11. Ne3 Rc8 12. Bd2 Nd4 13. 0-0 b5 14. cxb5 axb5 15. Bd3 b4 16. Ncd5 Bxd5 17. exd5 e4 18. Ba6 Rb8 19. Nc2 Nxc2 20. Qxc2 Qd7 21. Qb3 Qf5 22. Bc4 Ng4 23. Be2 Nf6 24. Bc4 Ng4 25. h3 Ne5 26. Be2 Bf6 27. Rac1 Rfe8 28. Be3 Nf3+ 29. Kh1 Nd4 30. Bxd4 Bxd4 31. Rc4 Bc5 32. f3 e3 33. Bd3 Qxd5 34. Be2 Qd2 35. Rc2 Qd4 36. Rd1 Qf4 37. Rc4 Qf6 38. g3 Qe6 39. Kg2 Re7 40. Qd3 Qg6 41. Qb3 Qe6 42. Qd3 Ra7 43. Qb1 g6 44. b3 Rba8 45. Rc2 Ra5 46. Bc4 Qf5 47. Bd3 Qe5 48. Be4 R8a7 49. Re2 Bd4 50. f4 Qc5 51. Bf3 Bc3 52. Rd5 Qb6 53. Qd3 Rxd5 54. Bxd5 Bd2 55. f5 Kg7 56. Qe4 Qc5 57. fxg6 hxg6 58. Qf3 Qd4 59. h4 Qf6 60. h5 Qxf3+ 61. Bxf3 gxh5 62. Bxh5 Kf6 63. Kf3 Rxa2 64. Rh2 Rb2 65. Rh4 e2 0-1

[Event "SBBL-VP 9798"]
[Site "Bergisch Land"]
[Date "1998.03.22"]
[Round "5"]
[White "Florath, Patrick"]
[Black "Wicht, Juergen"]
[Result "0-1"]
[WhiteElo "2235"]
[BlackElo "2090"]
[PlyCount "36"]
[EventDate "1997.10.??"]
[EventType "team"]
[EventRounds "1"]
[EventCountry "GER"]
[SourceTitle "EXT 2006"]
[Source "ChessBase"]
[SourceDate "2005.11.24"]
[SourceVersion "1"]
[SourceVersionDate "2005.11.24"]
[SourceQuality "1"]
[WhiteTeam "Wuppertal"]
[BlackTeam "Solingen II"]
[WhiteTeamCountry "GER"]
[BlackTeamCountry "GER"]

1. e4 d6 2. d4 Nf6 3. Nc3 g6 4. f4 Bg7 5. Be2 c5 6. d5 0-0 7. Nf3 e6 8. 0-0 exd5 9. exd5 Na6 10. Bxa6 bxa6 11. Rb1 Re8 12. Kh1 Rb8 13. a3 a5 14. Qd3 Bf5 15. Qd2 Ng4 16. Nd1 Qb6 17. Nh4 Qb5 18. Rg1 Re2 0-1

[Event "BL2-West 9798"]
[Site "Germany"]
[Date "1998.??.??"]
[Round "?.5"]
[White "Bohn, Thomas"]
[Black "Florath, Patrick"]
[Result "0-1"]
[WhiteElo "2400"]
[BlackElo "2295"]
[PlyCount "90"]
[EventDate "1997.10.??"]
[EventType "team-tourn"]
[EventRounds "9"]
[EventCountry "GER"]
[SourceTitle "EXT 1999"]
[Source "ChessBase"]
[SourceDate "1998.11.16"]
[SourceVersion "1"]
[SourceVersionDate "1998.11.16"]
[SourceQuality "1"]
[WhiteTeam "Koblenz"]
[BlackTeam "Wuppertal"]
[WhiteTeamCountry "GER"]
[BlackTeamCountry "GER"]

1. f4 d5 2. Nf3 Nf6 3. e3 e6 4. b3 Be7 5. Bb2 c5 6. Ne5 a6 7. a4 Nc6 8. Nxc6 bxc6 9. Bd3 a5 10. 0-0 Ba6 11. Bxa6 Rxa6 12. Rf3 Rb6 13. Bc3 Rb7 14. d3 0-0 15. Nd2 Nd7 16. e4 f5 17. Rh3 g6 18. exf5 exf5 19. Re3 Bd6 20. Re6 Bxf4 21. Qf3 Qc7 22. Rae1 Bxh2+ 23. Kh1 Bg3 24. R1e2 Ra7 25. Nf1 Bh4 26. Ne3 Bf6 27. Nxd5 cxd5 28. Qxd5 Kh8 29. Rxf6 Nxf6 30. Re6 Kg7 31. Rc6 Qf4 32. Qxc5 Raf7 33. Re6 h5 34. Qxa5 Qf1+ 35. Kh2 Kh7 36. Bxf6 Rxf6 37. Rxf6 Rxf6 38. Qc7+ Kh6 39. Qe5 Rf7 40. a5 Qf2 41. a6 Qh4+ 42. Kg1 Kh7 43. g3 Qd8 44. Qc5 Qb8 45. Qe3 Qd6 0-1

[Event "BL2-West 9798"]
[Site "Germany"]
[Date "1998.??.??"]
[Round "?.7"]
[White "Jackelen, Thomas"]
[Black "Florath, Patrick"]
[Result "1/2-1/2"]
[WhiteElo "2370"]
[BlackElo "2295"]
[PlyCount "61"]
[EventDate "1997.10.??"]
[EventType "team-tourn"]
[EventRounds "9"]
[EventCountry "GER"]
[SourceTitle "EXT 1999"]
[Source "ChessBase"]
[SourceDate "1998.11.16"]
[SourceVersion "1"]
[SourceVersionDate "1998.11.16"]
[SourceQuality "1"]
[WhiteTeam "Godesberg"]
[BlackTeam "Wuppertal"]
[WhiteTeamCountry "GER"]
[BlackTeamCountry "GER"]

1. Nf3 d5 2. c4 e6 3. g3 Nf6 4. Bg2 Be7 5. 0-0 0-0 6. d4 Nbd7 7. Qc2 c6 8. b3 b5 9. c5 Ne4 10. Bb2 a5 11. a3 f5 12. Nbd2 Qe8 13. Ne1 Bg5 14. e3 Qh5 15. Nd3 Ba6 16. b4 a4 17. Rae1 Qh6 18. Nf4 Rae8 19. Re2 Bc8 20. Rfe1 Bf6 21. Nd3 Nxd2 22. Qxd2 e5 23. dxe5 Nxe5 24. Nxe5 Bxe5 25. Bxe5 Rxe5 26. h4 Bd7 27. Qc3 Qf6 28. Qc2 Be8 29. Bf3 Qh6 30. Qc3 Re7 31. Rc2 1/2-1/2

[Event "Groningen op"]
[Site "Groningen"]
[Date "1997.??.??"]
[Round "1"]
[White "Florath, Patrick"]
[Black "Ehlvest, Jaan"]
[Result "0-1"]
[WhiteElo "2295"]
[BlackElo "2610"]
[PlyCount "110"]
[EventDate "1997.12.20"]
[EventType "swiss"]
[EventRounds "11"]
[EventCountry "NED"]
[SourceTitle "CBM 062 Extra"]
[Source "ChessBase"]
[SourceDate "1998.03.09"]
[SourceVersion "1"]
[SourceVersionDate "1998.03.09"]
[SourceQuality "1"]

1. e4 c5 2. Nf3 e6 3. d4 cxd4 4. Nxd4 Nf6 5. Nc3 d6 6. Be2 Be7 7. 0-0 Nc6 8. Be3 Bd7 9. f4 Nxd4 10. Bxd4 Bc6 11. Bf3 Qc7 12. Kh1 0-0 13. Qe2 Nd7 14. Rad1 a6 15. Rfe1 Rac8 16. Nd5 Bxd5 17. exd5 e5 18. fxe5 dxe5 19. Bxe5 Nxe5 20. Qxe5 Bd6 21. Qh5 g6 22. Qh6 Qxc2 23. Rd2 Rfe8 24. Red1 Qa4 25. b3 Qb4 26. g3 Qc3 27. Bg2 Re5 28. Qh4 Rh5 29. Qg4 Bxg3 30. Bh3 f5 31. Qxg3 Rxh3 32. Qg2 Qf3 33. Re1 Rc7 34. Rde2 Qxg2+ 35. Kxg2 Rd3 36. Re7 Rxe7 37. Rxe7 Rxd5 38. Rxb7 Rd2+ 39. Kg3 Rxa2 40. h4 Ra5 41. Kf4 Rb5 42. Ra7 Rb6 43. h5 gxh5 44. Kxf5 Rg6 45. Rc7 h4 46. Rc4 h3 47. Rh4 Rg3 48. b4 Kg7 49. Kf4 Rb3 50. Kf5 h6 51. Rg4+ Kh7 52. Rh4 Rf3+ 53. Ke4 Rc3 54. Kf5 Rb3 55. Rh5 a5 0-1

[Event "Bundesliga 9697"]
[Site "Germany"]
[Date "1997.??.??"]
[Round "?.5"]
[White "Florath, Patrick"]
[Black "Podzielny, Karl Heinz"]
[Result "0-1"]
[WhiteElo "2280"]
[BlackElo "2490"]
[PlyCount "50"]
[EventDate "1996.10.12"]
[EventType "team-tourn"]
[EventRounds "15"]
[EventCountry "GER"]
[SourceTitle "GER-chT"]
[Source "ChessBase"]
[SourceDate "1999.07.01"]
[SourceVersion "1"]
[SourceVersionDate "1999.07.01"]
[SourceQuality "1"]
[WhiteTeam "Wuppertal"]
[BlackTeam "Solingen"]
[WhiteTeamCountry "GER"]
[BlackTeamCountry "GER"]

1. e4 c5 2. c3 e6 3. d4 Nf6 4. e5 Nd5 5. Nf3 cxd4 6. cxd4 b6 7. Nc3 Bb7 8. Bd3 Be7 9. 0-0 0-0 10. Re1 d6 11. a3 Nxc3 12. bxc3 Nd7 13. Qe2 Rc8 14. Bb2 Qc7 15. exd6 Bxd6 16. h3 Bd5 17. Nd2 Bh2+ 18. Kh1 Bf4 19. Rad1 Nf6 20. Ne4 Nxe4 21. Bxe4 Rfd8 22. g3 Bh6 23. Kg2 g6 24. f4 Bf8 25. Qf3 Bb3 0-1

[Event "Bundesliga 9697"]
[Site "Germany"]
[Date "1997.??.??"]
[Round "?.8"]
[White "Florath, Patrick"]
[Black "Schneider, Henning"]
[Result "1/2-1/2"]
[WhiteElo "2280"]
[BlackElo "2215"]
[PlyCount "166"]
[EventDate "1996.10.12"]
[EventType "team-tourn"]
[EventRounds "15"]
[EventCountry "GER"]
[SourceTitle "GER-chT"]
[Source "ChessBase"]
[SourceDate "1999.07.01"]
[SourceVersion "1"]
[SourceVersionDate "1999.07.01"]
[SourceQuality "1"]
[WhiteTeam "Wuppertal"]
[BlackTeam "Dresden"]
[WhiteTeamCountry "GER"]
[BlackTeamCountry "GER"]

1. e4 c5 2. Nf3 Nc6 3. d4 cxd4 4. Nxd4 Nf6 5. Nc3 d6 6. Be2 e5 7. Nf3 h6 8. 0-0 Be7 9. Re1 0-0 10. h3 Be6 11. Bf1 Nb8 12. Nd5 Nxd5 13. exd5 Bd7 14. c4 Na6 15. Rb1 Bf5 16. Bd3 Bxd3 17. Qxd3 Nc5 18. Qc2 a5 19. Be3 Qc7 20. Nd2 f5 21. b4 axb4 22. Rxb4 b6 23. Reb1 Ra6 24. Nb3 Qa7 25. Nc1 e4 26. Rb5 Rc8 27. Qe2 Rf8 28. Qh5 Kh7 29. Qe2 Bf6 30. Bf4 Be7 31. Qh5 Qc7 32. Be3 Qa7 33. R1b2 Na4 34. Rc2 Nc5 35. Qe2 Bf6 36. Qh5 Qd7 37. Ne2 g5 38. Bd4 Qe7 39. Rcb2 Rb8 40. h4 Bxd4 41. Nxd4 f4 42. Nc6 Qe8 43. Qg4 Rb7 44. hxg5 Qg6 45. Nb4 Ra8 46. Qxf4 hxg5 47. Qg4 Rf8 48. g3 Qf6 49. Nc6 e3 50. Qd4 Qxd4 51. Nxd4 Nd3 52. fxe3 Nxb2 53. Rxb2 Ra8 54. Nf5 Rd8 55. a4 Kg6 56. Nd4 Ra8 57. Rb4 Kf6 58. Nc6 Kf5 59. a5 Ra6 60. Kf2 Ke4 61. Ke2 g4 62. Nd8 Rd7 63. c5+ Kxd5 64. Rd4+ Kxc5 65. Ne6+ Kc6 66. axb6 Rxb6 67. Rxg4 Re7 68. Nd4+ Kc5 69. Kf3 d5 70. Rf4 Rb1 71. Nf5 Re8 72. Kf2 Rb7 73. Kf3 Rf7 74. Nd4 Rfe7 75. Nf5 Re5 76. Kf2 Re4 77. Kf3 R4e5 78. Kf2 Rf8 79. Nd4 Rxf4+ 80. gxf4 Re8 81. Kf3 Kc4 82. f5 Kd3 83. Ne6 Re7 1/2-1/2

[Event "Bundesliga 9697"]
[Site "Germany"]
[Date "1997.??.??"]
[Round "?.8"]
[White "Florath, Patrick"]
[Black "Staiger, Frank"]
[Result "1/2-1/2"]
[WhiteElo "2280"]
[BlackElo "2290"]
[PlyCount "22"]
[EventDate "1996.10.12"]
[EventType "team-tourn"]
[EventRounds "15"]
[EventCountry "GER"]
[SourceTitle "GER-chT"]
[Source "ChessBase"]
[SourceDate "1999.07.01"]
[SourceVersion "1"]
[SourceVersionDate "1999.07.01"]
[SourceQuality "1"]
[WhiteTeam "Wuppertal"]
[BlackTeam "Eppingen"]
[WhiteTeamCountry "GER"]
[BlackTeamCountry "GER"]

1. e4 e5 2. Bc4 Nc6 3. d3 Nf6 4. Nf3 Be7 5. 0-0 0-0 6. Re1 d6 7. c3 a6 8. Bb3 Na5 9. Bc2 c5 10. d4 Qc7 11. d5 b5 1/2-1/2